header

The destruction of the Soviet Union (Record no. 123519)

MARC details
000 -LEADER
fixed length control field 01221nam a22003014a 4500
082 04 - DEWEY DECIMAL CLASSIFICATION NUMBER
Classification number 337.47/009/048
100 1# - MAIN ENTRY--AUTHOR NAME
Personal name Lockwood, David,
245 14 - TITLE STATEMENT
Title The destruction of the Soviet Union
260 ## - PUBLICATION, DISTRIBUTION, ETC. (IMPRINT)
Place of publication New York :
Name of publisher St. Martin's Press,
Year of publication 2000.
300 ## - PHYSICAL DESCRIPTION
Number of Pages vi, 264 p.
650 #0 - SUBJECT ADDED ENTRY--TOPICAL TERM
Topical Term Economic history
856 40 - ELECTRONIC LOCATION AND ACCESS
Uniform Resource Identifier http://site.ebrary.com/lib/rucke/Doc?id=2003003

No items available.

© 2026 Rongo University
Contact us: librarian | system librarian | Rongo university